000
00258nam a2200097Ia 4500
001
1159258
005
20250827011317.0
008
250824s9999 xx 000 0 und d
245
0
_a
BİTMEMİŞ İNŞA POSTMODERNİZM
_c
AHMET MELİH KARAUĞUZ
260
_b
KETEBE
999
_c
1159258
_d
1159258